Christianity / (Record no. 7206)

MARC details
000 -LEADER
fixed length control field 00862cam a2200253 i 4500
001 - CONTROL NUMBER
control field 4663517
003 - CONTROL NUMBER IDENTIFIER
control field GBCCL
005 - DATE AND TIME OF LATEST TRANSACTION
control field 20241126110622.0
008 - FIXED-LENGTH DATA ELEMENTS--GENERAL INFORMATION
fixed length control field 800924r19811948ctu b 001 0 eng
010 ## -
-- 80024452
020 ## - INTERNATIONAL STANDARD BOOK NUMBER
International Standard Book Number 0313226814 (lib. bdg.)
040 ## - CATALOGING SOURCE
Original cataloging agency DLC
Transcribing agency DLC
Modifying agency DLC
050 00 -
-- BR150
-- .B48 1981
082 00 - DEWEY DECIMAL CLASSIFICATION NUMBER
Classification number 270
Edition information 19
Item number BEV
100 1# - MAIN ENTRY--PERSONAL NAME
Personal name Bevan, Edwyn Robert,
Dates associated with a name 1870-1943.
9 (RLIN) 12759
245 10 - TITLE STATEMENT
Title Christianity /
Statement of responsibility, etc. Edwyn Bevan.
260 ## - PUBLICATION, DISTRIBUTION, ETC.
Place of publication, distribution, etc. London. :
Name of publisher, distributor, etc. Oxford University Press,
Date of publication, distribution, etc. 1955, c1932.
300 ## - PHYSICAL DESCRIPTION
Extent 255 p. ;
Dimensions 22 cm.
500 ## - GENERAL NOTE
General note Reprint of the 1948 ed. published by Oxford University Press, London, as 157 of the Home university library of modern knowledge.
504 ## - BIBLIOGRAPHY, ETC. NOTE
Bibliography, etc. note Includes bibliographical references and index.
650 #0 - SUBJECT ADDED ENTRY--TOPICAL TERM
Topical term or geographic name entry element Church history.
9 (RLIN) 117
906 ## - LOCAL DATA ELEMENT F, LDF (RLIN)
a 7
b cbc
c orignew
d u
e ocip
f 19
g y-gencatlg
942 ## - ADDED ENTRY ELEMENTS (KOHA)
Source of classification or shelving scheme Dewey Decimal Classification
Koha item type Books
Koha issues (borrowed), all copies 1
Holdings
Withdrawn status Lost status Source of classification or shelving scheme Damaged status Not for loan Home library Current Library Shelving location Date acquired Total checkouts Full call number Barcode Date last seen Date last checked out Copy number Price effective from Koha item type
    Dewey Decimal Classification     GRACE BIBLE COLLEGE GRACE BIBLE COLLEGE Church History 2018-07-18 2 270 BEV 003849 2025-09-10 2025-09-03 c.1 2018-07-18 Books
© Grace Bible College Library 2025